000 00373nam a2200157Ia 4500
008 231217s9999 xx 000 0 und d
020 _a8131705560
041 _aEnglish
082 _a001.6424C PER;1 R
100 _aPerry, Stephen C
245 0 _aCore C# and .NET
260 _c2006
_bPearson
_aDelhi
300 _axxix+972
650 _aCore,C#,.NET
942 _cAA
999 _c178577
_d178577